| 000 | 00721nam a22002057a 4500 | ||
|---|---|---|---|
| 005 | 20251108165416.0 | ||
| 008 | 250721s1975 xx 000 0 ara d | ||
| 082 | 1 | 4 | _aم/928.114/كمي |
| 100 | 1 | _aعمرو، علي عبد الله عبد | |
| 245 | 1 | 0 | _aالكميت بن زيد شاعر الهاشميين السياسي / |
| 264 | 1 |
_aالقاهرة : _bجامعة الأزهر - كلية اللغة العربية، _c1975. |
|
| 300 | _a230ص : مراجع | ||
| 500 | _aأطروحة من متطلبات درجة الماجستير | ||
| 650 | 1 | 7 | _aالشعراء |
| 650 | 1 | 7 | _aالأمويون 750-661 |
| 650 | 1 | 7 | _aالشعر العربي |
| 650 | 1 | 7 | _aالتراجم |
| 942 |
_2ddc _cREF |
||
| 999 |
_c27196 _d27196 |
||